Out of the Crisis (Record no. 2768)

MARC details
000 -LEADER
fixed length control field 00382nam a22001697a 4500
005 - DATE AND TIME OF LATEST TRANSACTION
control field 20260408162452.0
008 - FIXED-LENGTH DATA ELEMENTS--GENERAL INFORMATION
fixed length control field 160615b xxu||||| |||| 00| 0 eng d
020 ## - INTERNATIONAL STANDARD BOOK NUMBER
ISBN 81-7671-037-7
041 ## - LANGUAGE CODE
Language code of text/sound track or separate title eng
082 ## - DEWEY DECIMAL CLASSIFICATION NUMBER
Classification number 658.4012
100 ## - MAIN ENTRY--AUTHOR NAME
Personal name Deming, W. Edward
245 ## - TITLE STATEMENT
Title Out of the Crisis
260 ## - PUBLICATION, DISTRIBUTION, ETC. (IMPRINT)
Name of publisher East West
Year of publication 2003
300 ## - PHYSICAL DESCRIPTION
Number of Pages 492
650 ## - SUBJECT ADDED ENTRY--TOPICAL TERM
Topical Term management
942 ## - ADDED ENTRY ELEMENTS (KOHA)
Koha item type Books
Holdings
Lost status Damaged status Home library Current library Shelving location Date acquired Cost, normal purchase price Full call number Accession Number Koha item type Collection code
    JRU Library   SHELF-101-F 15/06/2016 275.00 658.4012 7742 Books  
    JRU Library JRU Library SHELF-101-F 15/06/2016 275.00 658.4012 7743 Books LIFE SKILL